[Event "Guernsey Holiday op 33rd"]
[Site "Guernsey"]
[Date "2007.10.23"]
[Round "3"]
[White "Baart, Edwin"]
[Black "Foster, James M"]
[Result "1-0"]
[WhiteElo "1637"]
[BlackElo "1432"]
[PlyCount "117"]
[EventDate "2007.10.21"]
[EventType "swiss"]
[EventRounds "7"]
[EventCountry "GCI"]
[SourceTitle "EXT 2022"]
[Source "ChessBase"]
[SourceDate "2021.10.06"]
[SourceVersion "1"]
[SourceVersionDate "2021.10.06"]
[SourceQuality "1"]

1. d4 d5 2. c4 c6 3. Nc3 Nf6 4. Nf3 e6 5. Bg5 Nbd7 6. e3 Be7 7. Be2 0-0 8. Rc1 b6 9. cxd5 exd5 10. Qa4 Bb7 11. 0-0 c5 12. Rfd1 a6 13. Bxf6 Nxf6 14. dxc5 bxc5 15. Qb3 Rb8 16. Qc2 Qa5 17. a3 Rbc8 18. Ne5 Rfd8 19. Bf3 Qc7 20. Ng4 Nxg4 21. Bxg4 Rb8 22. Bf3 Qe5 23. e4 d4 24. Nd5 Bd6 25. g3 Rdc8 26. Nb6 Rd8 27. Nc4 Qf6 28. Nxd6 Rxd6 29. Bg2 Rc8 30. f4 Rdd8 31. e5 Qe7 32. b3 Bxg2 33. Kxg2 a5 34. Qc4 Qb7+ 35. Kf2 h6 36. h4 Qe4 37. Qd3 Qc6 38. Qc4 Kf8 39. b4 Rd5 40. bxc5 Rxc5 41. Qxc5+ Qxc5 42. Rxc5 Rxc5 43. Rxd4 Ke7 44. Ke3 h5 45. Rd3 f6 46. exf6+ Kxf6 47. Kd4 Rc7 48. Ke4 Re7+ 49. Kf3 Rc7 50. g4 hxg4+ 51. Kxg4 Rc5 52. Re3 Kg6 53. Re5 Rc1 54. Rxa5 Rg1+ 55. Kf3 Rf1+ 56. Kg3 Rg1+ 57. Kf2 Rh1 58. h5+ Rxh5 59. Rxh5 1-0